Dome of the Rock (Record no. 8299)
[ view plain ]
| 000 -LEADER | |
|---|---|
| fixed length control field | 00561nam a2200229 a 4500 |
| 020 ## - INTERNATIONAL STANDARD BOOK NUMBER | |
| ISBN | |
| 082 00 - DEWEY DECIMAL CLASSIFICATION NUMBER | |
| Classification number | 725.2 |
| Author Cutter | ARE |
| 100 ## - MAIN ENTRY--AUTHOR NAME | |
| Author name | Aref, El Aref |
| 245 ## - TITLE STATEMENT | |
| Title | Dome of the Rock |
| 260 ## - PUBLICATION, DISTRIBUTION, ETC. (IMPRINT) | |
| Place of publication | Jerusalem |
| Name of publisher | Industrial Islamic Orphanage Press |
| Year of publication | 1955 |
| 300 ## - PHYSICAL DESCRIPTION | |
| Number of Pages | 97p |
| 500 ## - GENERAL NOTE | |
| General note | includes index and biblioraphy |
| 650 ## - SUBJECT ADDED ENTRY--TOPICAL TERM | |
| Topical Term | Architecture-Islamic |
| 942 ## - ADDED ENTRY ELEMENTS (KOHA) | |
| Koha item type | Books |
| 700 1# - | |
| -- | Aref, El Aref |
| Collection code | Home library | Current library | Date acquired | Cost, normal purchase price | Full call number | Accession Number | Koha item type |
|---|---|---|---|---|---|---|---|
| Henry Martyn Institute Library | Henry Martyn Institute Library | 04/25/2008 | 100.00 | 725.2 ARE | 010525 | Books |
